| 000 | 00910pam a2200277 a 4500 | ||
|---|---|---|---|
| 001 | 1632 | ||
| 005 | 20230912100653.0 | ||
| 020 | _a0525675434 (alk. paper) | ||
| 040 |
_aDLC _cDLC _dDLC _dFISKH _beng |
||
| 050 | 0 | 0 |
_aPZ7.P273 _bJi 1996 |
| 082 | 0 | 0 |
_a[Fic] _220 |
| 100 | 1 | _aPaterson, Katherine. | |
| 245 | 1 | 0 |
_aJip : _bhis story / _cKatherine Paterson. |
| 260 |
_aNew York : _bPuffin Books, _c1998. |
||
| 300 |
_a181 pages _c20 cm |
||
| 505 | _aQ | ||
| 520 | _aWhile living on a Vermont poor farm during 1855 and 1856, Jip learns his identity and that of his mother and comes to understand how he arrived at this place. | ||
| 521 |
_a860
_bLexile |
||
| 521 |
_aQ
_bRaz-Plus |
||
| 650 | 1 |
_aIdentity _vFiction. |
|
| 650 | 1 |
_aFugitive slaves _vFiction. |
|
| 650 | 1 |
_aSlavery _vFiction. |
|
| 650 | 1 |
_aAfrican Americans _vFiction. |
|
| 906 |
_a7 _bcbc _corignew _d1 _eocip _f19 _gy-gencatlg |
||
| 942 |
_2ddc _cBK _n0 |
||
| 999 |
_c1632 _d1632 |
||